Evoked spinal cord potentials : an illustrated guide to physiology, pharmacology, and recording techniques /

Bibliographic Details
Other Authors: Shimoji, K., Willis, W. D.
Format: Book
Language:English
Published: Tokyo ; New York : Springer, [2006]
Subjects:

MARC

Tag First Indicator Second Indicator Subfields
LEADER 00000cam a2200000Mi 4500
001 in00004501921
005 20210818135358.0
008 060302s2006 ja a b 001 0 eng d
016 7 |a 972658556  |2 GyFmDB 
020 |a 4431240268 (hd.bd.) 
029 0 |a OHX  |b har040137777 
035 |a (OCoLC)ocm65207661 
035 |z (UtOrBLW)39995 
035 |a 57610 
040 |a OHX  |c OHX  |d TMV  |d UtOrBLW 
049 |a TMVM  |c 1 
060 4 |a WL 400  |b E93 2006 
072 7 |a QP  |2 lcco 
072 7 |a RD  |2 lcco 
245 0 0 |a Evoked spinal cord potentials :  |b an illustrated guide to physiology, pharmacology, and recording techniques /  |c K. Shimoji, W.D. Willis, Jr. (eds.). 
264 1 |a Tokyo ; New York :  |b Springer,  |c [2006] 
264 4 |c ©2006 
300 |a xiii, 215 pages :  |b illustrations ;  |c 24 cm. 
336 |a text  |2 rdacontent  |b txt 
337 |a unmediated  |2 rdamedia 
338 |a volume  |2 rdacarrier  |b nc 
504 |a Includes bibliographical references and index. 
505 0 |a Neuroanatomical considerations -- Physiology of the spinal cord -- Pharmacology of the spinal cord -- Overviews of human (evoked) spinal cord potentials (SCPs) : recording methods and terminology -- Segmental SCPs -- Spinal cord potentials evoked by ascending volleys -- Spinal cord potentials evoked by descending volleys -- Heterosegmental SCPs (HSPs) -- Clinical pharmacology -- Transcranial magnetically evoked SCPs (TCM-evoked SCPs) -- Transcranial electrically evoked SCPs (TCE-evoked SCPs) -- Monitoring by SCPs during surgical operations -- Diagnosis by spinal cord potentials of spinal diseases 
650 2 |a Spinal Cord. 
650 2 |a Evoked Potentials. 
700 1 |a Shimoji, K. 
700 1 |a Willis, W. D. 
948 |a PO 10869 
999 |a MARS 
999 f f |s e30a511f-fd7b-3f69-84e5-a93ecd79858e  |i 5b445b1b-1d24-31d5-a3f5-2304bfb0dd06  |t 0 
952 f f |p ric  |a Texas A&M University  |b Rellis Campus  |c Joint Library Facility  |d Remote Storage  |t 0  |e WL 400 E93 2006  |h National Library of Medicine classification  |i unmediated -- volume  |m 3238901905636 
998 f f |a WL 400 E93 2006  |t 0  |l Remote Storage